000 00240nam a2200097Ia 4500
008 190216s9999||||xx |||||||||||||| ||und||
100 _aRechar L Katson
245 0 _aMalayalam-Namukkuchuttumulla Kadal
260 _bCurrent Books
942 _cBK
999 _c30302
_d30302